00438nam a2200169Ia 4500003000400000005001700004008004100021020001800062040000700080041000800087082001900095100004700114245004200161260003600203300001600239365001300255OSt20230427092132.0210423s2012 xx 000 0 und d a9780749466138 cAL aeng a651.7 TALI223 aTALBOT (Fiona);BHATTACHARJEE (Sudakshina). aImprove your global business english. aNew DelhibKogan Page Ltdc2012 axii,238bPB b295cINR